LEADER 01102nam a2200277 i 4500 001 991001201099707536 008 050625s1979 nyua b 001 0 eng d 020 $a047102404X 035 $ab13335790-39ule_inst 040 $aDip.to Ingegneria dell'Innovazione$beng 082 $a546.683/2 100 10$aIler, Ralph K.$0605344 245 14$aThe chemistry of silica :$bsolubility, polymerization, colloid and surface properties, and biochemistry /$cRalph K. Iler 260 0 $aNew York [etc] :$bJhon Wileye Sons,$cc1979 300 $axxiv, 866 p. :$bill. ;$c24 cm 500 $a"A Wiley-Interscience publication." 504 $aIncludes bibliographical references and indexes 650 4$aSilica 650 4$aSilicates 650 4$aColloids 907 $a.b13335790$b21-09-06$c05-09-05 912 $a991001201099707536 945 $aLE026 546.683 ILE 01.01 1979$g1$i2026000024448$lle026$nProf. Licciulli / Biblioteca$op$pE265.58$q-$rl$s- $t4$u13$v3$w13$x0$y.i14123022$z07-09-05 996 $aChemistry of silica$91092679 997 $aUNISALENTO 998 $ale026$b25-06-05$cm$da $e-$feng$gnyu$h4$i0 LEADER 01347nam0 22003251i 450 001 UON00305959 005 20250910105637.203 100 $a20080103d1975 |0itac50 ba 101 $aita 102 $aIT 105 $a|||| 1|||| 200 1 $aQuaderni del carcere. 1.: Quaderni 1(XVI)-5(IX)$fAntonio Gramsci$gedizione critica dell'Istituto Gramsci$ga cura di Valentino Gerratana 210 $aTorino$cEinaudi$d1975 215 $aLXVIII, 682 p.$d19 cm. 410 1$1001UON00171664$12001 $aEinaudi Tascabili $1210 $aTorino$cEinaudi$v1 606 $aMarxismo$3UONC008444$2FI 620 $aIT$dTorino$3UONL000014 676 $a335.4$cSOCIALISMO MARXISTA, COMUNISMO$v21 676 $a335.4092$cSistemi marxisti. Persone collegate con il soggetto$v21 700 1$aGramsci$bAntonio$3UONV122501$0118233 702 1$aGerratana$bValentino$3UONV122502 712 02$aIstituto Gramsci$3UONV102324 712 $aEinaudi$3UONV246211$4650 790 0$aGELANXI$yGramsci, Antonio$3UONV197272 801 $aIT$bSOL$c20250912$gRICA 899 $aSIBA - SISTEMA BIBLIOTECARIO DI ATENEO$2UONSI 912 $aUON00305959 950 $aSIBA - SISTEMA BIBLIOTECARIO DI ATENEO$dSI ITA V 312 a $eSI IT 1491 5 312 a 996 $aQuaderni del carcere$992086 997 $aUNIOR